000 01053nam a22002777a 4500
999 _c20659
_d20659
003 AR-CdUCM
008 190603b ||||| |||| 00| 0 spa d
020 _a968-12-0371-2
040 _aMUNICIPALIDAD PROVINCIAL DEL CUSCO
_cBIBLIOTECA MUNICIPAL DEL CUSCO
082 _a912.974
_bG25
100 _aGarza, Gustavo
_943189
245 _aAtlas de la ciudad de México /
260 _aMéxico, D.F :
_bDepartamento del Distrito Federal,
_c1986.
300 _a431 páginas ;
_c30 cm.
_bmapas,
500 _aTexto a tres columnas.
505 _aContenido: La ciudad de México y su región económica -- Crónica mexicana -- La evolución mercantil...
650 _aAtlas
_93723
650 _aMéxico
_918
650 _aDescripciones y viajes
_9497
700 _aDepartamento del Distrito Federal (México)
_943190
700 _aSecretaría General de Desarrollo Social
_943191
700 _aEl Colegio de México
_943192
700 _aCentro de Estudios Demográficos y de Desarrollo Urbano
_943193
942 _2ddc
_cLIBROS
945 _aJavier